Asian Capitals by Satellite Image - Statistics

General Stats
  • This quiz has been taken 20 times
  • The average score is 24 of 47
Answer Stats
Picture Answer % Correct
Singapore
100%
Abu Dhabi
89%
Riyadh
89%
Doha
78%
Seoul
78%
Tokyo
78%
Baghdad
67%
Beijing
67%
Beirut
67%
Hanoi
67%
Jakarta
67%
Malé
67%
Manila
67%
Thimphu
67%
Ankara
56%
Kuwait City
56%
Manama
56%
Muscat
56%
Tehran
56%
Ashgabat
44%
Astana
44%
Baku
44%
Bandar Seri Begawan
44%
Bangkok
44%
Colombo/Sri Jayawardenepura Kotte
44%
Dili
44%
Islamabad
44%
Kabul
44%
Kuala Lumpur
44%
Naypyidaw
44%
New Delhi
44%
Phnom Penh
44%
Pyongyang
44%
Sana'a
44%
Taipei
44%
Ulaanbaatar
44%
Vientiane
44%
Amman
33%
Damascus
33%
Dhaka
33%
Tashkent
33%
Tbilisi
33%
Yerevan
33%
Bishkek
22%
Dushanbe
22%
Jerusalem
22%
Kathmandu
22%
No matching quizzes found
Score Distribution
Percent of People with Each Score
Percentile by Number Answered
Your Score History
You have not taken this quiz